000
00322nam a2200133Ia 4500
008
240624s9999 xx 000 0 und d
041
_a
eng
082
_a
823 CHO
100
_a
CHOPRA DEEPAK
245
_a
SOULMATE A LOVE STORY
260
_c
2012
_a
New Delhi
_b
Hay House
300
_a
290 : p. : cm. ; 20
365
_c
RS
_b
25
999
_c
20010
_d
20010